Nauka o zboží pro EVO 2 teoretické základy

Saved in:
Bibliographic Details
Main Author: Kavina, Karel
Corporate Author: Vysoká škola ekonomická v Praze. Obchodní fakulta
Format: Book
Language:Czech
Published: Praha Státní pedagogické nakladatelství 1984
Tags: Add Tag
No Tags, Be the first to tag this record!

MARC

LEADER 00000nam a2200000 4500
001 c107039
005 20190425100032.9
041 0 |a cze 
044 |a CZ 
245 1 0 |a Nauka o zboží pro EVO 2  |b teoretické základy  |c Karel Kavina a kol. 
264 1 |a Praha  |b Státní pedagogické nakladatelství  |c 1984 
300 |a 97 s. 
100 1 |a Kavina, Karel 
710 2 |a Vysoká škola ekonomická v Praze. Obchodní fakulta